Význam kysličníka siričitého vo výrobe kvalitných hroznových vín

Bibliographic Details
Main Author: Navara, Anton, 1931-1999 (Author)
Format: Article
Language:Slovak
PhysicalDescription:Tb. 1.
Subjects:

MARC

LEADER 00000nab a2200000 a 4500
001 vtls000014862
003 SK-MaSNL
005 20260304210932.0
008 111103c1978 xo 0 slo
015 |a SNBRB19rr/mm-uuuuu 
035 |a CL0024956 
040 |a SNKBUCL  |b slo  |c SNKBUCL  |e AACR2 
041 0 |a slo 
044 |a xo  |c SK 
080 |a 663.1/.9  |2 1981 
100 1 |a Navara, Anton,  |d 1931-1999  |4 aut  |9 259627 
245 1 0 |a Význam kysličníka siričitého vo výrobe kvalitných hroznových vín  |c Anton Navara 
300 |b Tb. 1. 
650 0 7 |a víno  |2 snkbucl  |9 1658 
655 7 |a články z novín a časopisov  |2 snkbucl  |9 267496 
773 0 |t Vinohrad  |g Roč. 16, č. 10 (1978), s. 232-233 
850 |a Slovenská národná knižnica v Martine  |a MTA001 
852 |a SNK  |b KIS3GCP 
958 |a RK 
992 |a RBX 
999 |c 3128113  |d 3130043